000 00577nam a22001937a 4500
003 OSt
005 20180116183056.0
008 161021b xxu||||| |||| 00| 0 eng d
020 _a9780324786453
040 _c0
082 _a004 SHE 2009
100 _aShelly,Gary B.
245 _aDiscovering Computers 2010 :
_bLiving In A Digital World Complete
_cGary B.Shelly
260 _aPakistan
_bCourse Technology Cengage Learning
_c2009
300 _a830+p.
_bPB.
440 _aDiscovering Computers 2010 :Living In A Digital World Complete
500 _aPB.
942 _2ddc
_cBK
999 _c351842
_d351842